01010cam a2200313 a 450000100090000000300070000900500170001600800410003301000170007402000380009103500200012904000180014904200080016705000210017506000090019608200150020524501400022025000120036026000390037230000410041150400510045265000300050365000120053365000360054565000340058165000370061570000200065270000240067216973494CBULib20240523123107.0110921s2012 moua b 001 0 eng  a 2011039731 a9780323078917 (pbk. : alk. paper) a(DNLM)101569758 aDNLM/DLCcDLC apcc00aRB113b.H77 201210aQZ 400a616.0722300aUnderstanding pathophysiology /c[edited by] Sue E. Huether, Kathryn L. McCance ; section editors, Valentina L. Brashers, Neal S. Rote. a5th ed. aSt. Louis, Mo :bElsevier,cc2012. axxiv, 1159 p. :bcol. ill. ;c28 cm. aIncludes bibliographical references and index. 0aPhysiology, Pathological. 0aNurses.12aPathologyvNurses' Instruction.22aDiseasevNurses' Instruction.22aPhysiologyvNurses' Instruction.1 aHuether, Sue E.1 aMcCance, Kathryn L.